[Event "Belgrade Serbia op"]
[Site "Belgrade"]
[Date "2023.07.21"]
[Round "6"]
[White "Yang, Maxwell"]
[Black "Stefan, Iulia Cristiana"]
[Result "1-0"]
[WhiteElo "1806"]
[BlackElo "1679"]
[PlyCount "117"]
[EventDate "2023.07.16"]
[EventType "swiss"]
[EventRounds "9"]
[EventCountry "SRB"]
[SourceTitle "CBM 215 Extra"]
[Source "ChessBase"]
[SourceDate "2023.09.30"]
[SourceVersion "1"]
[SourceVersionDate "2023.09.30"]
[SourceQuality "1"]

1. d4 d6 2. c4 g6 3. Nc3 Bg7 4. e4 Nf6 5. h3 0-0 6. Be3 Nc6 7. d5 Ne5 8. f4 Ned7 9. g4 c6 10. Nf3 cxd5 11. cxd5 b6 12. Nd4 Nc5 13. Qf3 e6 14. b4 exd5 15. exd5 Na6 16. a3 Bb7 17. g5 Nh5 18. Rc1 Nc7 19. h4 Re8 20. Kd2 Qe7 21. Bc4 Rac8 22. Bb3 a6 23. Rhe1 Qd7 24. a4 Ra8 25. Nc6 b5 26. Bb6 Bxc3+ 27. Rxc3 Rxe1 28. Kxe1 Re8+ 29. Kd2 Na8 30. Be3 Ng7 31. axb5 axb5 32. Nd4 Rc8 33. Rxc8+ Bxc8 34. Qf1 Nc7 35. Qc1 Bb7 36. Nc6 Nf5 37. Bb6 Na8 38. Bf2 Nc7 39. Qc3 Ne7 40. Nxe7+ Qxe7 41. Qd3 Qd7 42. Bb6 Ne8 43. Bd4 Bc8 44. Bc3 f6 45. gxf6 Kf7 46. Qd4 Qf5 47. Bc2 Qxf6 48. Qf2 Qe7 49. Bd3 Bd7 50. f5 Nf6 51. fxg6+ hxg6 52. Qf4 Kg7 53. Qg5 Qf7 54. h5 Be8 55. h6+ Kh7 56. Qxf6 Qxf6 57. Bxf6 Kxh6 58. Be7 Bf7 59. Be4 1-0

[Event "World School-ch U11"]
[Site "Rhodes"]
[Date "2023.04.14"]
[Round "1"]
[White "Yang, Maxwell"]
[Black "Wang, Zixuan1111"]
[Result "1-0"]
[WhiteElo "1869"]
[BlackElo "1021"]
[PlyCount "105"]
[EventDate "2023.04.14"]
[EventType "swiss"]
[EventRounds "9"]
[EventCountry "GRE"]
[SourceTitle "EXT 2024"]
[Source "ChessBase"]
[SourceDate "2023.10.10"]
[SourceVersion "1"]
[SourceVersionDate "2023.10.10"]
[SourceQuality "1"]

1. Nf3 Nf6 2. c4 g6 3. d4 Bg7 4. Nc3 d6 5. e4 0-0 6. h3 e5 7. d5 a5 8. Be3 Na6 9. Qc2 Nc5 10. Nd2 Ne8 11. a3 f5 12. f3 fxe4 13. Ndxe4 Nxe4 14. Nxe4 Bf5 15. Bd3 Bxe4 16. Bxe4 Nf6 17. 0-0 Nh5 18. c5 Nf4 19. b4 Bh6 20. Kh2 Qh4 21. Bf2 Qg5 22. g3 Nh5 23. h4 Qf6 24. g4 Qf4+ 25. Kh3 Ng7 26. g5 Bxg5 27. hxg5 Qxg5 28. Bh4 Qf4 29. Rg1 Nf5 30. Bg5 Nd4 31. Qd3 Qf7 32. f4 Qd7+ 33. Kh2 axb4 34. axb4 Rxa1 35. Rxa1 Qg4 36. Rg1 Qh5+ 37. Kg2 exf4 38. Kf2 Nf5 39. Bf3 Qh3 40. Qe4 Ng3 41. Qe7 Qf5 42. Qe6+ Kh8 43. Qxf5 Rxf5 44. Bxf4 Rxf4 45. Kxg3 Rxb4 46. cxd6 cxd6 47. Re1 Rb6 48. Re7 Rb3 49. Rd7 Rb6 50. Kf4 h6 51. Be4 g5+ 52. Kf5 Rb2 53. Kg6 1-0

[Event "Wch U10"]
[Site "Batumi"]
[Date "2022.09.24"]
[Round "8"]
[White "Yue, Tariq"]
[Black "Yang, Maxwell"]
[Result "0-1"]
[WhiteElo "1508"]
[BlackElo "1641"]
[PlyCount "102"]
[EventDate "2022.09.16"]
[EventType "swiss"]
[EventRounds "11"]
[EventCountry "GEO"]
[SourceTitle "EXT 2023"]
[Source "ChessBase"]
[SourceDate "2022.10.05"]
[SourceVersion "1"]
[SourceVersionDate "2022.10.05"]
[SourceQuality "1"]

1. Nf3 d5 2. d4 Nf6 3. c4 e6 4. Nc3 dxc4 5. e3 c5 6. Bxc4 Nc6 7. 0-0 a6 8. a4 cxd4 9. exd4 Bb4 10. Bg5 0-0 11. Ne5 Qxd4 12. Nxc6 Qxd1 13. Raxd1 bxc6 14. Bxf6 gxf6 15. Ne4 f5 16. Ng5 Be7 17. Nf3 Bf6 18. b3 c5 19. Rd6 Bb7 20. Rfd1 Rab8 21. R1d3 Kg7 22. Nd2 Be5 23. Rd7 Kg8 24. h3 Bf6 25. Rc7 Bd4 26. Nf3 Be4 27. Nxd4 Bxd3 28. Nc6 Bxc4 29. Nxb8 Bxb3 30. Nd7 Rd8 31. Nxc5 Bc4 32. Rc6 Ra8 33. Nd7 Bb3 34. Nc5 Bc4 35. Nd7 Be2 36. f3 Bd1 37. Nc5 a5 38. Kf2 Rd8 39. Ke3 Rd5 40. Rc7 f4+ 41. Kxf4 Bxa4 42. g4 Bd1 43. Ne4 Rd3 44. Nf6+ Kg7 45. g5 Rxf3+ 46. Ke5 Rf5+ 47. Kd6 Rxg5 48. Ke7 Rf5 49. Ng4 Bxg4 50. hxg4 Rf4 51. g5 a4 0-1

[Event "Wch U10"]
[Site "Batumi"]
[Date "2022.09.23"]
[Round "7"]
[White "Yang, Maxwell"]
[Black "Tulepbergenov, Arsen"]
[Result "1-0"]
[WhiteElo "1641"]
[BlackElo "1299"]
[PlyCount "143"]
[EventDate "2022.09.16"]
[EventType "swiss"]
[EventRounds "11"]
[EventCountry "GEO"]
[SourceTitle "EXT 2023"]
[Source "ChessBase"]
[SourceDate "2022.10.05"]
[SourceVersion "1"]
[SourceVersionDate "2022.10.05"]
[SourceQuality "1"]

1. d4 Nf6 2. c4 e5 3. dxe5 Ng4 4. e3 Bb4+ 5. Bd2 Bxd2+ 6. Nxd2 Nxe5 7. f4 Ng6 8. h4 h5 9. Ngf3 Qe7 10. Kf2 d6 11. Bd3 Nc6 12. Qc2 Nb4 13. Qa4+ Nc6 14. b4 Bd7 15. b5 Nd8 16. Qc2 Nf8 17. Rhe1 Nde6 18. Ne4 0-0-0 19. Nc3 Nc5 20. Nd5 Nxd3+ 21. Qxd3 Qe8 22. Qd4 Kb8 23. Qxg7 Ne6 24. Qc3 Nc5 25. Nf6 Qe7 26. Nxd7+ Qxd7 27. Kg1 Rhg8 28. Ng5 Qg4 29. Qf6 Qxh4 30. Qxf7 Nd3 31. Re2 Rdf8 32. Qd7 Ne5 33. Qh3 Qxh3 34. Nxh3 Nxc4 35. Rc1 Nb6 36. Ng5 Re8 37. Kf2 Nd5 38. Nf3 Re7 39. g3 Rge8 40. Rc4 Nxe3 41. Rxe3 Rxe3 42. Ne5 Ra3 43. Nd7+ Kc8 44. Nf6 Rxa2+ 45. Kf3 Ra3+ 46. Kf2 Rh8 47. Nd5 Rh7 48. Nf6 Rd7 49. Nxd7 Kxd7 50. f5 Rb3 51. Rh4 Rxb5 52. Rxh5 Ke7 53. g4 Rb2+ 54. Ke3 Rb3+ 55. Kf4 a5 56. Rh7+ Kf8 57. f6 Rb1 58. Kf5 Rg1 59. g5 Rf1+ 60. Kg6 Ke8 61. Rxc7 a4 62. Rxb7 a3 63. Ra7 Rf3 64. Kg7 a2 65. Rxa2 Rf5 66. g6 d5 67. f7+ Ke7 68. Ra7+ Ke6 69. f8Q Rxf8 70. Kxf8 d4 71. g7 d3 72. g8Q+ 1-0

[Event "Pan American-ch U10"]
[Site "Montevideo"]
[Date "2022.06.27"]
[Round "3"]
[White "Ayala Delgado, Sergio Alejandro"]
[Black "Yang, Maxwell"]
[Result "0-1"]
[WhiteElo "1598"]
[BlackElo "1434"]
[PlyCount "78"]
[EventDate "2022.06.26"]
[EventType "swiss"]
[EventRounds "9"]
[EventCountry "URU"]
[SourceTitle "EXT 2023"]
[Source "ChessBase"]
[SourceDate "2022.10.05"]
[SourceVersion "1"]
[SourceVersionDate "2022.10.05"]
[SourceQuality "1"]

1. e4 c5 2. Nf3 d6 3. d4 cxd4 4. Qxd4 Nc6 5. Bb5 Bd7 6. Bxc6 Bxc6 7. Nc3 Nf6 8. Bg5 h6 9. Bxf6 exf6 10. 0-0 Be7 11. Nh4 g6 12. Rad1 0-0 13. Nd5 Bxd5 14. Qxd5 Kh7 15. Rd3 Rc8 16. b4 Rxc2 17. Nf5 Qd7 18. Rh3 gxf5 19. Qb3 Qe6 20. Qxc2 fxe4 21. Qd2 f5 22. Rc1 Rg8 23. Rc7 Bg5 24. Qe2 f4 25. Qc2 Rg6 26. Rxb7 Bd8 27. Qb3 d5 28. Qa4 e3 29. fxe3 fxe3 30. Rf3 e2 31. Rbxf7+ Kh8 32. Qc2 e1Q+ 33. Rf1 Q1e2 34. Rf8+ Rg8 35. Qc3+ Q6e5 36. Rxg8+ Kxg8 37. Qxe5 Bb6+ 38. Qd4 Bxd4+ 39. Kh1 Qxf1# 0-1

[Event "PNWCC Thanksgiving op"]
[Site "Chess.com INT"]
[Date "2020.11.28"]
[Round "5"]
[White "Yang, Maxwell"]
[Black "Tang, Zoey"]
[Result "0-1"]
[WhiteElo "1075"]
[BlackElo "1871"]
[PlyCount "114"]
[EventDate "2020.11.27"]
[EventType "swiss (rapid)"]
[EventRounds "9"]
[EventCountry "USA"]
[SourceTitle "CBM 199 Extra"]
[Source "ChessBase"]
[SourceDate "2021.01.31"]
[SourceVersion "1"]
[SourceVersionDate "2021.01.31"]
[SourceQuality "1"]

1. Nf3 Nf6 2. c4 g6 3. d4 Bg7 4. Nc3 0-0 5. e4 d6 6. Be2 e5 7. dxe5 dxe5 8. Qxd8 Rxd8 9. Bg5 Re8 10. Bxf6 Bxf6 11. Nd5 Bd8 12. 0-0 c6 13. Nc3 Nd7 14. Rad1 Ba5 15. Na4 Nf6 16. Bd3 Bg4 17. a3 Nh5 18. b4 Bc7 19. Bc2 Nf4 20. Rd2 Bd8 21. Bd1 Bf6 22. Nc5 b6 23. Nb3 Rad8 24. c5 Be6 25. Bc2 Rxd2 26. Nfxd2 Rd8 27. cxb6 axb6 28. Re1 Ra8 29. Ra1 Ne2+ 30. Kf1 Nd4 31. Nxd4 exd4 32. Bd3 b5 33. Nf3 Be7 34. Nh4 Bxh4 35. Ke2 Be7 36. Rc1 Bd7 37. e5 Rxa3 38. Be4 Rc3 39. Rd1 Bg4+ 40. f3 Re3+ 41. Kf2 Rxe4 42. Ra1 Rxe5 43. fxg4 Bxb4 44. Ra8+ Kg7 45. Rd8 Re6 46. Kf3 Rd6 47. Rxd6 Bxd6 48. Ke4 c5 49. Kd3 Be5 50. g3 c4+ 51. Kc2 d3+ 52. Kd2 Bc7 53. Ke3 Ba5 54. Kf4 d2 55. Kg5 d1Q 56. Kh4 Bd8+ 57. Kh3 Qf1# 0-1

[Event "PNWCC Online Masters Artist Point"]
[Site "Chess.com INT"]
[Date "2020.09.06"]
[Round "4"]
[White "Yang, Maxwell"]
[Black "Wiebe, Daniel"]
[Result "0-1"]
[WhiteElo "1075"]
[BlackElo "1988"]
[PlyCount "76"]
[EventDate "2020.09.05"]
[EventType "swiss"]
[EventRounds "9"]
[EventCountry "USA"]
[SourceTitle "CBM 198 Extra"]
[Source "ChessBase"]
[SourceDate "2020.11.30"]
[SourceVersion "1"]
[SourceVersionDate "2020.11.30"]
[SourceQuality "1"]

1. e4 c5 2. Nf3 d6 3. d4 cxd4 4. Nxd4 Nf6 5. Nc3 a6 6. Bc4 e6 7. Bb3 b5 8. Bg5 Be7 9. Qf3 Qc7 10. e5 dxe5 11. Qxa8 exd4 12. Nxb5 Qe5+ 13. Kd1 Qxb5 14. Bf4 e5 15. Ba4 Qxa4 16. Qxb8 0-0 17. Qxe5 d3 18. b3 Bg4+ 19. f3 dxc2+ 20. Kxc2 Rc8+ 21. Kd3 Qd7+ 22. Ke2 Rc2+ 23. Ke1 Bb4+ 24. Kf1 Qd3+ 25. Kg1 Bc5+ 26. Qxc5 Rxc5 27. h3 Qd4+ 28. Kh2 Qxf4+ 29. Kg1 Qd4+ 30. Kh2 Qe5+ 31. f4 Qxf4+ 32. Kg1 Qe3+ 33. Kh2 Qe5+ 34. Kg1 Qxa1+ 35. Kh2 Qe5+ 36. Kg1 Qe3+ 37. Kh2 Qf4+ 38. Kg1 Rc1# 0-1

[Event "Vancouver op"]
[Site "Chess.com INT"]
[Date "2020.07.25"]
[Round "?"]
[White "Chang, Eddie Cheng Ho"]
[Black "Yang, Maxwell"]
[Result "1-0"]
[WhiteElo "1887"]
[BlackElo "1682"]
[PlyCount "87"]
[EventDate "2020.07.25"]
[EventType "swiss"]
[EventRounds "5"]
[EventCountry "USA"]
[SourceTitle "EXT 2023"]
[Source "ChessBase"]
[SourceDate "2022.10.05"]
[SourceVersion "1"]
[SourceVersionDate "2022.10.05"]
[SourceQuality "1"]

1. d4 Nf6 2. c4 g6 3. Nc3 d5 4. cxd5 Nxd5 5. e4 Nxc3 6. bxc3 Bg7 7. Bc4 c5 8. Ne2 Nc6 9. Be3 0-0 10. Rc1 b6 11. h4 Bb7 12. h5 Na5 13. Bd3 cxd4 14. cxd4 Rc8 15. Rxc8 Qxc8 16. Qd2 Nc4 17. Bxc4 Qxc4 18. f3 Rd8 19. Kf2 Qe6 20. Bh6 Bxh6 21. Qxh6 Qf6 22. hxg6 Qxg6 23. Qf4 Ba6 24. Rh6 Qg7 25. Rh3 Kh8 26. Rg3 Qf6 27. Qxf6+ exf6 28. d5 f5 29. Nd4 fxe4 30. fxe4 Bd3 31. Rxd3 Kg7 32. Nc6 Rd7 33. Ra3 a5 34. Rb3 Rb7 35. Nxa5 Ra7 36. Nc4 Rxa2+ 37. Rb2 Ra4 38. Nxb6 Rxe4 39. d6 Rd4 40. d7 Kf8 41. Re2 Kg7 42. Re8 Rd2+ 43. Ke3 Rd6 44. d8Q 1-0

[Event "PNWCC Online Masters WOO"]
[Site "Chess.com INT"]
[Date "2020.07.06"]
[Round "7"]
[White "Yang, Maxwell"]
[Black "Su, Kevin"]
[Result "0-1"]
[WhiteElo "1075"]
[BlackElo "1768"]
[PlyCount "108"]
[EventDate "2020.07.04"]
[EventType "swiss (rapid)"]
[EventRounds "9"]
[EventCountry "USA"]
[SourceTitle "CBM 197 Extra"]
[Source "ChessBase"]
[SourceDate "2020.09.30"]
[SourceVersion "1"]
[SourceVersionDate "2020.09.30"]
[SourceQuality "1"]

1. e4 c5 2. Nf3 e6 3. d4 cxd4 4. Nxd4 Nc6 5. Nc3 Qc7 6. Be3 a6 7. Qd2 Nf6 8. 0-0-0 Be7 9. f3 h5 10. Nb3 b5 11. Kb1 Ne5 12. Qd4 Rb8 13. Bf4 d6 14. Be2 Nc4 15. Bxc4 bxc4 16. Nd2 e5 17. Qxc4 Qxc4 18. Nxc4 exf4 19. Nxd6+ Bxd6 20. Rxd6 0-0 21. e5 Nd7 22. Nd5 Nxe5 23. Ne7+ Kh7 24. Re1 Rxb2+ 25. Ka1 Rb5 26. c4 Nxc4 27. Rc6 Be6 28. Rc1 Re8 29. Nc8 Rxc8 30. Rxc8 Bxc8 31. Rxc4 Be6 32. Rxf4 Ra5 33. a4 g5 34. Rd4 Rd5 35. Rxd5 Bxd5 36. Kb2 f5 37. Kc3 g4 38. fxg4 hxg4 39. g3 Kg6 40. Kb4 Kg5 41. Kc5 Bg2 42. Kd4 f4 43. Kd3 f3 44. Ke3 Bf1 45. Kf2 Be2 46. Ke3 Kf5 47. a5 Ke5 48. Kf2 Ke4 49. h4 gxh3 50. Kg1 Ke3 51. Kh2 f2 52. Kxh3 f1Q+ 53. Kh4 Qf5 54. g4 Qxg4# 0-1

[Event "PNWCC Online Masters WOO"]
[Site "Chess.com INT"]
[Date "2020.07.04"]
[Round "2.61"]
[White "Wiebe, Daniel"]
[Black "Yang, Maxwell"]
[Result "1-0"]
[WhiteElo "1988"]
[BlackElo "1075"]
[PlyCount "81"]
[EventDate "2020.07.04"]
[EventType "swiss (rapid)"]
[EventRounds "9"]
[EventCountry "USA"]
[SourceTitle "CBM 197 Extra"]
[Source "ChessBase"]
[SourceDate "2020.09.30"]
[SourceVersion "1"]
[SourceVersionDate "2020.09.30"]
[SourceQuality "1"]

1. e4 c5 2. Nf3 e6 3. d4 cxd4 4. Nxd4 Nf6 5. Bd3 Nc6 6. Nxc6 bxc6 7. e5 Nd5 8. 0-0 Nc7 9. c4 d5 10. Nc3 Be7 11. Qh5 Ba6 12. Rd1 g6 13. Qh6 Bf8 14. Qf4 Bg7 15. Na4 dxc4 16. Be2 Nd5 17. Qg3 Qa5 18. b3 Nc7 19. Bb2 0-0 20. Bc3 Qb5 21. Bxc4 Qb7 22. Nc5 Qc8 23. Nd7 Rd8 24. Nf6+ Bxf6 25. exf6 Rxd1+ 26. Rxd1 Nd5 27. Be5 Bb5 28. Rd4 Qf8 29. h3 Rd8 30. Qd3 Qb4 31. Kh2 h5 32. a4 c5 33. Rh4 Bc6 34. Qg3 Kf8 35. Bxd5 Qe1 36. Rxh5 Kg8 37. Qh4 gxh5 38. Qg5+ Kf8 39. Qg7+ Ke8 40. Bxc6+ Rd7 41. Qh8# 1-0

[Event "PNWCC Online Masters"]
[Site "Chess.com INT"]
[Date "2020.05.24"]
[Round "4.44"]
[White "Yang, Maxwell"]
[Black "Jones, Davey V"]
[Result "1-0"]
[WhiteElo "1075"]
[BlackElo "1593"]
[PlyCount "131"]
[EventDate "2020.05.23"]
[EventType "swiss (rapid)"]
[EventRounds "9"]
[EventCountry "USA"]
[SourceTitle "CBM 196 Extra"]
[Source "ChessBase"]
[SourceDate "2020.07.31"]
[SourceVersion "1"]
[SourceVersionDate "2020.07.31"]
[SourceQuality "1"]

1. e4 c5 2. Nf3 a6 3. c4 e6 4. d4 cxd4 5. Nxd4 Nf6 6. Nc3 Qc7 7. Be2 Bb4 8. Qd3 0-0 9. Nc2 Be7 10. Qg3 Qxg3 11. hxg3 Nc6 12. Be3 d6 13. Rd1 Rb8 14. b4 Nd7 15. b5 Bf6 16. Na4 axb5 17. cxb5 Nce5 18. f4 Ng6 19. Ba7 Ra8 20. b6 Nxb6 21. Nxb6 Rxa7 22. Rxd6 Be7 23. Rd2 Bc5 24. Nd7 Bxd7 25. Rxd7 Rxa2 26. Bd1 b6 27. Rf1 Rb8 28. Rf3 Nf8 29. Rdd3 Ra4 30. e5 Ng6 31. Rb3 Ne7 32. Rb5 Rd8 33. Rbb3 Nd5 34. Rfd3 Kf8 35. Bf3 Ke7 36. Kd2 Ra2 37. Kc1 Ra4 38. Kd2 Ra5 39. Kc1 Raa8 40. Kb2 Rac8 41. Na3 Nb4 42. Rxd8 Rxd8 43. Nc4 Rd4 44. Kc3 Rd3+ 45. Kb2 Rxb3+ 46. Kxb3 Nd5 47. Nd2 Kd7 48. Ne4 h6 49. Kc4 Kc6 50. Nxc5 bxc5 51. g4 g5 52. f5 Kb6 53. Bxd5 exd5+ 54. Kxd5 c4 55. Kxc4 Kc6 56. Kd4 Kd7 57. Kd5 Ke7 58. f6+ Kd7 59. g3 Ke8 60. Kc6 Kd8 61. Kd6 Ke8 62. Kc7 Kf8 63. Kd7 h5 64. gxh5 g4 65. Kd6 Kg8 66. Ke7 1-0

[Event "PNWCC Online Masters"]
[Site "Chess.com INT"]
[Date "2020.05.23"]
[Round "3.41"]
[White "Tu, Lawrence"]
[Black "Yang, Maxwell"]
[Result "1-0"]
[WhiteElo "1554"]
[BlackElo "1075"]
[PlyCount "161"]
[EventDate "2020.05.23"]
[EventType "swiss (rapid)"]
[EventRounds "9"]
[EventCountry "USA"]
[SourceTitle "CBM 196 Extra"]
[Source "ChessBase"]
[SourceDate "2020.07.31"]
[SourceVersion "1"]
[SourceVersionDate "2020.07.31"]
[SourceQuality "1"]

1. c4 Nf6 2. Nc3 g6 3. d4 d5 4. cxd5 Nxd5 5. e4 Nxc3 6. bxc3 Bg7 7. Nf3 c5 8. Be2 Nc6 9. Be3 b6 10. 0-0 Bb7 11. Rb1 Qc7 12. Qb3 Rb8 13. Rfd1 0-0 14. d5 Na5 15. Qc2 c4 16. g3 Bc8 17. Bf4 Qb7 18. Bxb8 Qxb8 19. Qa4 Qc7 20. Nd4 Rd8 21. Nc6 Nxc6 22. dxc6 Rd6 23. Rxd6 exd6 24. Qxc4 Be6 25. Qa4 Bxc3 26. Rc1 Bf6 27. Qa6 Bc8 28. Qa4 a5 29. Kg2 h6 30. Bb5 Kf8 31. Qc4 Be6 32. Qe2 g5 33. a4 Kg7 34. Ba6 d5 35. Bb7 dxe4 36. Qxe4 Be5 37. Rb1 f5 38. Qe3 f4 39. Qxb6 f3+ 40. Kg1 Qf7 41. Qe3 Bc7 42. Re1 Bd5 43. Qe7 Kg6 44. Qxf7+ Kxf7 45. Re3 Kf6 46. Kf1 h5 47. Ke1 g4 48. Kd2 Kf7 49. Kc3 Kf6 50. Kd4 Bf7 51. Kc5 Ba2 52. Kb5 Bd5 53. Re8 Bf7 54. Rc8 Bd6 55. Kxa5 Be6 56. Rh8 Bc7+ 57. Kb5 Kg6 58. a5 Kg5 59. a6 Be5 60. a7 Bxh8 61. a8Q Be5 62. Qe8 Kf5 63. Qxh5+ Ke4 64. c7+ Kd4 65. c8Q Bxc8 66. Bxc8 Bd6 67. Qxg4+ Kd3 68. Qxf3+ Kd4 69. Qd1+ Ke5 70. f4+ Ke4 71. Qxd6 Kf3 72. Qd5+ Kf2 73. Bb7 Ke3 74. Qe4+ Kf2 75. Qf3+ Ke1 76. Qg2 Kd1 77. Bf3+ Kc1 78. Qe2 Kb1 79. Kb4 Ka1 80. Kb3 Kb1 81. Qb2# 1-0

[Event "PNWCC Online Masters"]
[Site "Chess.com INT"]
[Date "2020.05.23"]
[Round "1.42"]
[White "Yang, Maxwell"]
[Black "Park, Evan"]
[Result "0-1"]
[WhiteElo "1075"]
[BlackElo "2146"]
[PlyCount "130"]
[EventDate "2020.05.23"]
[EventType "swiss (rapid)"]
[EventRounds "9"]
[EventCountry "USA"]
[SourceTitle "CBM 196 Extra"]
[Source "ChessBase"]
[SourceDate "2020.07.31"]
[SourceVersion "1"]
[SourceVersionDate "2020.07.31"]
[SourceQuality "1"]

1. e4 g6 2. d4 Bg7 3. Nf3 d6 4. Nc3 a6 5. Bf4 b5 6. Qd2 Bb7 7. Be2 Nd7 8. 0-0 c5 9. d5 b4 10. Nd1 Ngf6 11. Bd3 0-0 12. c4 bxc3 13. Nxc3 Ng4 14. h3 Nge5 15. Nxe5 Nxe5 16. b3 Qa5 17. Rac1 Rfc8 18. Be2 Qb4 19. Na4 Qxd2 20. Bxd2 Rf8 21. Nb6 Rad8 22. Ba5 f5 23. f4 Nd7 24. Bf3 fxe4 25. Bxe4 Nxb6 26. Bxb6 Rde8 27. Rce1 Bc3 28. Re2 Ba8 29. Rf3 Bb4 30. a3 Bxa3 31. Ba5 Bb4 32. Bxb4 cxb4 33. g3 Rc8 34. Kf2 Rc5 35. Rd3 Rfc8 36. Red2 Rc3 37. Ke2 Rxd3 38. Rxd3 Rc5 39. Kd2 e6 40. Bf3 Bxd5 41. Bxd5 exd5 42. g4 Kf7 43. h4 Kf6 44. Rd4 a5 45. Rd3 h5 46. gxh5 gxh5 47. Rg3 d4 48. Rg5 Rf5 49. Kd3 d5 50. Kxd4 Rxf4+ 51. Kxd5 Rf5+ 52. Rxf5+ Kxf5 53. Kc4 Kg4 54. Kb5 Kxh4 55. Kxa5 Kg3 56. Kxb4 h4 57. Kc5 h3 58. b4 h2 59. b5 h1Q 60. b6 Qb7 61. Kb5 Kf4 62. Kc5 Ke5 63. Kb5 Kd5 64. Ka5 Kc4 65. Ka4 Qa6# 0-1